01197nab a22002537a 4500999001500000003000400015005001700019008004100036040000700077100003500084245016400119260007300283300001500356500003700371505007300408505009000481505008200571650002300653650004600676650002300722650002800745773015700773942001300930 c5698d5698OSt20251229113755.0190429b xxu||||| |||| 00| 0 spa d cPJ 96061aCuratolo, Sofía Andrea10aAnálisis del delito de abuso sexual simple a la luz de la teoría del delito a propósito del fallo "R., L. S. s/ abuso sexual" /cSofía Andrea Curatolo. cCiudad Autónoma de Buenos Aires :aThomson Reuters La Ley, b2025. ap. 117-123 aCita: TR LALEY AR/DOC/2202/2025. aSumario: I. Introducción.— II. Desarrollo.— III. Conclusiones. aFallo comentado: CNCrim. y Correc., sala V ~ 07/07/2025 ~ R., L. S. s/ abuso sexual. tSi te interesa el texto completo, solicitalo a koha@justierradelfuego.gov.ar  09343aDERECHO PENAL 092902aDELITOS CONTRA LA INTEGRIDAD SEXUAL 095731aACOSO SEXUAL 092182aTEORIA DEL DELITO0 0265893164tRevista de derecho penal y criminología. Nº 8 - Octubre 2025dCiudad Autónoma de Buenos Aires : Thomson Reuters La Ley, 2017-x00347914 2udccANA